Gaming Quiz

Random Gaming or Video Games Quiz

Click the NES Games Quiz Stats

 Plays Quiz Updated Nov 1, 2017

Score 0/12 Timer 03:00
5 Plays Today
% Correct
Donkey Kong
96.9%
RoboCop
90.2%
The Legend of Zelda
88.5%
DuckTales
87.7%
Mega Man 2
84.7%
Snake Rattle 'n' Roll
76.9%
The Goonies II
75.7%
Bionic Commando
73%
Blades of Steel
71.3%
Rygar
66.7%
Wizards & Warriors
65.8%
Cobra Triangle
55.7%

You're not logged in!

Compare scores with friends on all Sporcle quizzes.
OR
Log In

You Might Also Like...

Show Comments

Extras

Top Quizzes Today


Score Distribution

Your Account Isn't Verified!

In order to create a playlist on Sporcle, you need to verify the email address you used during registration. Go to your Sporcle Settings to finish the process.

Report this User

Report this user for behavior that violates our Community Guidelines.

Details: